LIBRARY & INFORMATION CENTRE, KCAET, TAVANUR

ONLINE PUBLIC ACCESS CATALOGUE (OPAC)

Refrigeration and air conditioning / (Record no. 9763)

MARC details
000 -LEADER
fixed length control field 00337cam a2200145ua 4500
020 ## - INTERNATIONAL STANDARD BOOK NUMBER
ISBN 817409136x
082 ## - DEWEY DECIMAL CLASSIFICATION NUMBER
Classification number 697.93
Item number BAL/RE
100 ## - MAIN ENTRY--AUTHOR NAME
Personal name Ballaney, P L .
245 ## - TITLE STATEMENT
Title Refrigeration and air conditioning /
250 ## - EDITION STATEMENT
Edition statement 9 /
260 ## - PUBLICATION, DISTRIBUTION, ETC. (IMPRINT)
Place of publication Delhi :
Name of publisher Khanna Publishers ,
Year of publication 1992.
300 ## - PHYSICAL DESCRIPTION
Number of Pages 809 ; .
500 ## - GENERAL NOTE
General note *css
942 ## - ADDED ENTRY ELEMENTS (KOHA)
Koha item type Books
Holdings
Withdrawn status Lost status Damaged status Home library Current library Date acquired Full call number Accession Number Koha item type Collection code Shelving location Source of acquisition Cost, normal purchase price
      KAUAET KAUAET 07/04/2012 697.93 18236 Books        
      KAUAET KAUAET 07/04/2012 697.93 17890 Books        
      KAUAET KAUAET 07/04/2012 697.93 18237 Books        
      KAUAET KAUAET 07/04/2012 697.93 18238 Books        
      KAUAET KAUAET 31/03/2012 697.93 BAL/RE 23248 Books Non-fiction General Stacks Current Books, Thrissur 325.00
      KAUAET KAUAET 31/03/2012 697.93 BAL/RE 23249 Books Non-fiction General Stacks Current Books, Thrissur 325.00
      KAUAET KAUAET 31/03/2012 697.93 BAL/RE 23250 Books Non-fiction General Stacks Current Books, Thrissur 325.00
      KAUAET KAUAET 31/03/2012 697.93 BAL/RE 23251 Books Non-fiction General Stacks Current Books, Thrissur 325.00
      KAUAET KAUAET 31/03/2012 697.93 BAL/RE 23252 Books Non-fiction General Stacks Current Books, Thrissur 325.00
free website counter